ბათუმის შოთა რუსთაველის სახელმწიფო უნივერსიტეტის ბიბლიოთეკა

მოდინახე (ბიბ.ჩანაწერი № 42742)

000 -LEADER
fixed length control field 00778nam a2200217Ia 4500
001 - CONTROL NUMBER
control field 9448
003 - CONTROL NUMBER IDENTIFIER
control field GE_BSU
008 - FIXED-LENGTH DATA ELEMENTS--GENERAL INFORMATION
fixed length control field 181216s||||||||xx |||||||||||||| ||und||
040 ## - CATALOGING SOURCE
Transcribing agency GE_BSU
080 ## - UNIVERSAL DECIMAL CLASSIFICATION NUMBER
Universal Decimal Classification number 821.353.1-82
245 ## - TITLE STATEMENT
Title მოდინახე
245 ## - TITLE STATEMENT
Remainder of title ლიტერატურული კრებული
245 ## - TITLE STATEMENT
Statement of responsibility, etc. წინასიტყვ. ავტ. გ.აბაშიძე.რედ.თ.დაუშვილი.მხატვ. დ.გრიგოლია
260 ## - PUBLICATION, DISTRIBUTION, ETC.
Place of publication, distribution, etc. თბილისი
260 ## - PUBLICATION, DISTRIBUTION, ETC.
Name of publisher, distributor, etc. საბჭოთა საქართველო
260 ## - PUBLICATION, DISTRIBUTION, ETC.
Date of publication, distribution, etc. 1986
300 ## - PHYSICAL DESCRIPTION
Extent 186გვ.20სმ.
653 ## - INDEX TERM--UNCONTROLLED
Uncontrolled term ლიტერატურული კრებული
653 ## - INDEX TERM--UNCONTROLLED
Uncontrolled term მოდინახე
942 ## - ADDED ENTRY ELEMENTS (KOHA)
Koha item type წიგნი
ეგზემპლარები
Withdrawn status Lost status Damaged status Not for loan Date acquired Barcode Date last seen Price effective from Koha item type
        2018-12-17 32354 2018-12-17 2018-12-17 წიგნი
        2018-12-17 32355 2018-12-17 2018-12-17 წიგნი